Knock Knock Who Cares? (Jax's Song) - Statistics

General Stats
  • This quiz has been taken 7 times
    6 since last reset
  • The average score is 154 of 422
Answer Stats
Hint Answer % Correct
Lyrics We
100%
Lyrics To
75%
Lyrics Who
75%
Lyrics A
50%
Lyrics And
50%
Lyrics As
50%
Lyrics Be!
50%
Lyrics Be
50%
Lyrics Can
50%
Lyrics Care
50%
Lyrics Cares?
50%
Lyrics Cares?)
50%
Lyrics Go
50%
Lyrics Hate
50%
Lyrics (Hi,
50%
Lyrics Him?
50%
Lyrics I
50%
Lyrics If
50%
Lyrics In
50%
Lyrics Is
50%
Lyrics It
50%
Lyrics It's
50%
Lyrics (Knock
50%
Lyrics Knock
50%
Lyrics Need
50%
Lyrics Oh!
50%
Lyrics The
50%
Lyrics There?)
50%
Lyrics There?
50%
Lyrics This
50%
Lyrics "Ugh...
50%
Lyrics Well
50%
Lyrics We'll
50%
Lyrics When
50%
Lyrics Who's
50%
Lyrics Worse,
50%
Lyrics About
25%
Lyrics Acting
25%
Lyrics Admit
25%
Lyrics Again."
25%
Lyrics Again
25%
Lyrics Again-
25%
Lyrics All
25%
Lyrics Almost
25%
Lyrics Annoying
25%
Lyrics Anybody
25%
Lyrics At
25%
Lyrics Back
25%
Lyrics Best
25%
Lyrics Building
25%
Lyrics But
25%
Lyrics By
25%
Lyrics Calm
25%
Lyrics Catch
25%
Lyrics Cause
25%
Lyrics Cool
25%
Lyrics Could
25%
Lyrics Cruel
25%
Lyrics Cry
25%
Lyrics 'Cuz
25%
Lyrics Dare
25%
Lyrics Depressed
25%
Lyrics Die
25%
Lyrics Don't
25%
Lyrics Dont
25%
Lyrics Down,
25%
Lyrics Em?
25%
Lyrics End!
25%
Lyrics End?
25%
Lyrics End
25%
Lyrics Even
25%
Lyrics Ever
25%
Lyrics Everybody
25%
Lyrics Everywhere
25%
Lyrics Feeling's
25%
Lyrics Fine
25%
Lyrics Freak
25%
Lyrics Friends
25%
Lyrics Friends,
25%
Lyrics Game
25%
Lyrics Getting
25%
Lyrics Gonna
25%
Lyrics Happen
25%
Lyrics Hear
25%
Lyrics Help
25%
Lyrics Here
25%
Lyrics He's
25%
Lyrics Hey
25%
Lyrics Hide
25%
Lyrics Idiots
25%
Lyrics I'm
25%
Lyrics Inside
25%
Lyrics Jerk
25%
Lyrics Joke
25%
Lyrics Jokes
25%
Lyrics Just
25%
Lyrics Kaufmo)
25%
Lyrics Knocking
25%
Lyrics Knocks
25%
Lyrics Know
25%
Lyrics Knows
25%
Lyrics Let's
25%
Lyrics Make
25%
Lyrics Maybe
25%
Lyrics Me
25%
Lyrics Mind
25%
Lyrics My
25%
Lyrics Needs
25%
Lyrics Never
25%
Lyrics Nobody
25%
Lyrics Not
25%
Lyrics Of
25%
Lyrics Peek
25%
Lyrics Point
25%
Lyrics Pretend
25%
Lyrics Pretending
25%
Lyrics Purple
25%
Lyrics Scared
25%
Lyrics Scream!
25%
Lyrics Seen
25%
Lyrics Sick
25%
Lyrics Something
25%
Lyrics Soon
25%
Lyrics Stop
25%
Lyrics Surrounded
25%
Lyrics Survive
25%
Lyrics Take
25%
Lyrics Tall
25%
Lyrics Tells
25%
Lyrics That
25%
Lyrics Them
25%
Lyrics They
25%
Lyrics They're
25%
Lyrics Till
25%
Lyrics Try
25%
Lyrics Unaware
25%
Lyrics Way
25%
Lyrics Week
25%
Lyrics We're
25%
Lyrics What's
25%
Lyrics Which
25%
Lyrics With
25%
Lyrics Won't
25%
Lyrics Worst,
25%
Lyrics Would
25%
Lyrics You
25%
Lyrics Your
25%
Lyrics You're
25%
Lyrics You've
25%
No matching quizzes found
Score Distribution
Percent of People with Each Score
Percentile by Number Answered
Your Score History
You have not taken this quiz since the last reset